| 000 | 00903cam a2200277 i 4500 | ||
|---|---|---|---|
| 001 | 17647900 | ||
| 003 | EG-ScBUE | ||
| 005 | 20240527093431.0 | ||
| 008 | 130304s2014 enka f b 001 0 eng d | ||
| 020 | _a9780415636889 | ||
| 040 |
_aDLC _beng _erda _cDLC _dDLC _dEG-ScBUE |
||
| 043 | _aa-le--- | ||
| 082 | 0 | 4 |
_222 _a956.9204 _bSAL |
| 100 | 1 |
_aSalamey, Imad, _eauthor. _940044 |
|
| 245 | 1 | 4 |
_aThe government and politics of Lebanon / _cImad Salamey. |
| 264 | 1 |
_aOxon ; _aNew York : _bRoutledge / Taylor & Francis Group, _c2014. |
|
| 300 |
_axiv, 236 pages : _billustrations ; _c24 cm |
||
| 336 |
_2rdacontent _atext _btxt |
||
| 337 |
_aunmediated _2rdamedia _bn |
||
| 338 |
_avolume _bnc _2rdacarrier |
||
| 504 | _aIncludes bibliographical references and index. | ||
| 651 | 7 |
_aLebanon _xPolitics and government. _2BUEsh _940045 |
|
| 653 |
_bBUSBOL _cMay2016 |
||
| 655 | _vReading book | ||
| 942 |
_2ddc _cBB |
||
| 999 |
_c21791 _d21763 |
||